000 00609nam a2200205Ii 4500
003 JO-AjNU
008 230605s9999||||xx |||||||||||||| ||und||
040 _aJO-AjNU
_bara
_erda
_cJO-AjNU
041 _aara
050 1 4 _aBP166.4.S42 1987
100 3 _aشلبي، محمود,
_eauthor
_915916
245 0 0 _aحياة يحيى
250 _aط2
264 3 1 _aبيروت: دار الجيل، 1987
300 _a2014ص
336 _atext
_btxt
_2rdacontent
337 _aunmediated
_bn
_2rdamedia
338 _avolume
_bnc
_2rdacarrier
650 4 _aقصص الانبياء- يحيى عليه السلام
_915917
999 _aA4604
_c8172
_d8172